00948nam a2200241 i 450000100060000000300090000600500170001500700030003200800410003502000180007608000110009424501630010526000610026830000270032950000120035665000400036870000320040870000280044071000400046885200330050899900170054195201480055810818ES-MaACL20230906145951.0t|951107s1985 xxu ||||1| eng d a0-8389-3305-X a025.2100aSelection of library materials in the humanities, social sciences, and sciences / cPatricia A. McClung, editor ; section editors, William Hepfer... [et al.]. aChicago [etc.] : bAmerican Library Association, c1985. aXIV, 405 p. ; c24 cm. aIndice.14aAdquisiciones (Bibliotecas)91962251 aMcClung, Patricia A.9795321 aHepfer, William.9626212 aAmerican Library Association.91365 aES-MaACLjL-18139 bR.111680 c10818d10818 00102udc40708Biblioteca_profesional aATENEOMbATENEOMcDEPO2d2008-01-17l0oL-18139p1011036r2023-02-23 00:00:00w2023-02-23yMONOGRAFIA